[Event "Verbandsliga Nordbaden 2223"]
[Site "Germany"]
[Date "2023.04.02"]
[Round "8.3"]
[White "Grosse, Christian"]
[Black "Pyvovar, Igor"]
[Result "1-0"]
[WhiteElo "2034"]
[BlackElo "2144"]
[PlyCount "55"]
[EventDate "2022.09.25"]
[EventType "team-tourn"]
[EventRounds "9"]
[EventCountry "GER"]
[SourceTitle "EXT 2024"]
[Source "ChessBase"]
[SourceDate "2023.10.10"]
[SourceVersion "1"]
[SourceVersionDate "2023.10.10"]
[SourceQuality "1"]
[WhiteTeam "Lindenhof"]
[BlackTeam "Ettlingen II"]
[WhiteTeamCountry "GER"]
[BlackTeamCountry "GER"]

1. e4 c5 2. Nf3 d6 3. d4 cxd4 4. Nxd4 Nf6 5. Nc3 g6 6. Be3 Bg7 7. f3 0-0 8. Qd2 Nc6 9. Bc4 Bd7 10. 0-0-0 Ne5 11. Bb3 Rc8 12. Kb1 Nc4 13. Bxc4 Rxc4 14. h4 h5 15. g4 Rc5 16. Ne6 fxe6 17. Bxc5 dxc5 18. e5 Nd5 19. Nxd5 exd5 20. Qxd5+ Kh8 21. Qxd7 Qxd7 22. Rxd7 Bxe5 23. Rxe7 Bg3 24. Rxb7 Rxf3 25. gxh5 gxh5 26. Rxa7 Bxh4 27. a4 Rf4 28. a5 1-0

[Event "Pfalz op 10th"]
[Site "Neustadt an der Weinstrasse"]
[Date "2019.03.02"]
[Round "3"]
[White "Grosse, Christian"]
[Black "Suvorov, Luca"]
[Result "1/2-1/2"]
[WhiteElo "1962"]
[BlackElo "2202"]
[PlyCount "74"]
[EventDate "2019.03.01"]
[EventType "swiss"]
[EventRounds "9"]
[EventCountry "GER"]
[SourceTitle "CBM 189 Extra"]
[Source "ChessBase"]
[SourceDate "2019.06.03"]
[SourceVersion "1"]
[SourceVersionDate "2019.06.03"]
[SourceQuality "1"]

1. e4 e5 2. Bc4 Nf6 3. d3 Nc6 4. Nf3 Be7 5. Bb3 d6 6. c3 0-0 7. Nbd2 Na5 8. Bc2 c5 9. Nf1 Nc6 10. Ng3 Re8 11. 0-0 h6 12. h3 Be6 13. Nh2 d5 14. Qf3 d4 15. Nf5 Kh7 16. Ng4 Nxg4 17. hxg4 Bg5 18. Qh3 Bxc1 19. Raxc1 Ne7 20. g5 Ng8 21. gxh6 Nxh6 22. f4 Bxf5 23. exf5 exf4 24. Qh5 Qb6 25. Bb3 Re5 26. Rxf4 dxc3 27. Bxf7 cxb2 28. Rb1 c4+ 29. Kh2 c3 30. Qg6+ Qxg6 31. fxg6+ Kh8 32. Rc4 Nxf7 33. gxf7 Rh5+ 34. Kg3 Rf8 35. Rxc3 Rxf7 36. Rxb2 Rg5+ 37. Kh4 Rg6 1/2-1/2

[Event "Rheinland Pfalz op 10th"]
[Site "Nickenich"]
[Date "2018.06.02"]
[Round "6"]
[White "Grosse, Christian"]
[Black "Plum, Paul"]
[Result "1-0"]
[WhiteElo "1874"]
[BlackElo "1601"]
[PlyCount "91"]
[EventDate "2018.05.31"]
[EventType "swiss"]
[EventRounds "7"]
[EventCountry "GER"]
[SourceTitle "EXT 2019"]
[Source "ChessBase"]
[SourceDate "2018.10.10"]
[SourceVersion "1"]
[SourceVersionDate "2018.10.10"]
[SourceQuality "1"]

1. e4 c5 2. Nf3 Nc6 3. d4 cxd4 4. Nxd4 g6 5. c4 Bg7 6. Be3 e6 7. Nc3 Nge7 8. Ndb5 0-0 9. Qd2 a6 10. Nd6 Qc7 11. Rd1 Rd8 12. Be2 f5 13. 0-0 fxe4 14. Ncxe4 Nf5 15. Nxf5 exf5 16. Qd5+ Kh8 17. Nd6 Rf8 18. Nf7+ Rxf7 19. Qxf7 Qd8 20. Bb6 Qg8 21. Qxg8+ Kxg8 22. b3 a5 23. a4 Nb4 24. c5 Nc2 25. Bc4+ Kf8 26. Bc7 Nd4 27. Bd6+ Ke8 28. Rxd4 Bxd4 29. Re1+ Kd8 30. Re7 Bxc5 31. Bxc5 Kc7 32. Bb5 b6 33. Be3 h5 34. Rg7 g5 35. Bxg5 Kd6 36. Bf4+ Ke6 37. Bc4+ d5 38. Bb5 Ba6 39. Bxa6 Rxa6 40. Rb7 d4 41. Kf1 Kd5 42. Ke2 Ke4 43. Bc7 d3+ 44. Kd2 Ra8 45. Bxb6 Rc8 46. Re7+ 1-0

[Event "Rheinland Pfalz op 10th"]
[Site "Nickenich"]
[Date "2018.06.02"]
[Round "5"]
[White "Van Leyen, Peter"]
[Black "Grosse, Christian"]
[Result "0-1"]
[WhiteElo "1644"]
[BlackElo "1874"]
[PlyCount "76"]
[EventDate "2018.05.31"]
[EventType "swiss"]
[EventRounds "7"]
[EventCountry "GER"]
[SourceTitle "EXT 2019"]
[Source "ChessBase"]
[SourceDate "2018.10.10"]
[SourceVersion "1"]
[SourceVersionDate "2018.10.10"]
[SourceQuality "1"]

1. d4 Nf6 2. Nf3 g6 3. c4 Bg7 4. Nc3 0-0 5. e4 d6 6. Be2 c5 7. d5 b5 8. cxb5 a6 9. 0-0 axb5 10. Bxb5 Ba6 11. Re1 Nfd7 12. Bxa6 Nxa6 13. Bd2 Nb4 14. Qb1 Qb8 15. a3 Na6 16. Qc2 c4 17. Rab1 Nac5 18. Red1 Rc8 19. Be3 Nd3 20. Nd4 N7e5 21. Qe2 h5 22. f4 Ng4 23. Nc6 Qb7 24. Bd4 Rxc6 25. dxc6 Bxd4+ 26. Kh1 Ngf2+ 27. Kg1 Nxd1+ 28. Kf1 Qxc6 29. Rxd1 Rb8 30. Nd5 Kf8 31. b4 Ra8 32. Rxd3 cxd3 33. Qxd3 Qc1+ 34. Ke2 Rxa3 35. Qxd4 Ra2+ 36. Kf3 Qf1+ 37. Kg3 Rxg2+ 38. Kh4 Rg4# 0-1

[Event "Sachsen-ch U14"]
[Site "Sebnitz"]
[Date "2009.04.16"]
[Round "5"]
[White "Ruehrmund, Daniel"]
[Black "Grosse, Christian"]
[Result "1/2-1/2"]
[WhiteElo "1713"]
[BlackElo "1652"]
[PlyCount "51"]
[EventDate "2009.04.14"]
[EventType "swiss"]
[EventRounds "7"]
[EventCountry "GER"]
[SourceTitle "EXT 2010"]
[Source "ChessBase"]
[SourceDate "2010.11.25"]
[SourceVersion "1"]
[SourceVersionDate "2010.11.25"]
[SourceQuality "1"]

1. e4 c5 2. Nf3 d6 3. d4 cxd4 4. Nxd4 Nf6 5. Nc3 g6 6. Be3 Bg7 7. f3 0-0 8. Qd2 Nc6 9. 0-0-0 Nxd4 10. Bxd4 Be6 11. Kb1 Qc7 12. g4 Rfc8 13. h4 Qa5 14. a3 Rab8 15. g5 Nh5 16. Bxg7 Kxg7 17. Bh3 Bxh3 18. Rxh3 b5 19. Qd4+ Kg8 20. Nd5 Rb7 21. c3 Rc4 22. Qd2 Qd8 23. Ne3 Qc8 24. Rhh1 Rc5 25. Qd4 Rd7 26. Rh2 1/2-1/2

[Event "GER-ch U12"]
[Site "Willingen"]
[Date "2008.05.17"]
[Round "11"]
[White "Eigemann, Frederik"]
[Black "Grosse, Christian"]
[Result "0-1"]
[WhiteElo "1685"]
[BlackElo "1885"]
[PlyCount "50"]
[EventDate "2008.05.11"]
[EventType "swiss"]
[EventRounds "11"]
[EventCountry "GER"]
[SourceTitle "CBM 124 Extra"]
[Source "ChessBase"]
[SourceDate "2008.07.03"]
[SourceVersion "1"]
[SourceVersionDate "2008.07.03"]
[SourceQuality "1"]

1. e4 c5 2. Nf3 Nc6 3. d4 cxd4 4. Nxd4 Nf6 5. Nc3 e5 6. Ndb5 d6 7. Nd5 Nxd5 8. exd5 Nb8 9. Qf3 Be7 10. Bd2 a6 11. Qa3 Nd7 12. Bb4 Nc5 13. Bxc5 dxc5 14. d6 Bxd6 15. Rd1 axb5 16. Qxa8 0-0 17. Bxb5 Qb6 18. Qa4 e4 19. Qb3 Qc7 20. h3 e3 21. 0-0 exf2+ 22. Kxf2 c4 23. Qxc4 Bc5+ 24. Ke1 Qg3+ 25. Ke2 Qe3# 0-1

[Event "GER-ch U12"]
[Site "Willingen"]
[Date "2008.05.16"]
[Round "10"]
[White "Grosse, Christian"]
[Black "Holle, Cedric"]
[Result "1-0"]
[WhiteElo "1885"]
[BlackElo "1455"]
[PlyCount "109"]
[EventDate "2008.05.11"]
[EventType "swiss"]
[EventRounds "11"]
[EventCountry "GER"]
[SourceTitle "CBM 124 Extra"]
[Source "ChessBase"]
[SourceDate "2008.07.03"]
[SourceVersion "1"]
[SourceVersionDate "2008.07.03"]
[SourceQuality "1"]

1. e4 e5 2. Nf3 Nc6 3. d4 exd4 4. Bc4 Bc5 5. c3 Qe7 6. 0-0 dxc3 7. Nxc3 d6 8. Bg5 Nf6 9. Nd5 Qd8 10. b4 Nxb4 11. Nxb4 Bxb4 12. Qa4+ Qd7 13. Qxb4 Qg4 14. e5 Ne4 15. h3 a5 16. Qe1 Qf5 17. exd6 0-0 18. Be7 Re8 19. Bd3 cxd6 20. Bxe4 Qe6 21. Bxh7+ Kh8 22. Bxd6 Qxe1 23. Rfxe1 Rxe1+ 24. Rxe1 Kxh7 25. Re8 b5 26. a3 Ra6 27. Rxc8 Rxd6 28. Ra8 a4 29. Rb8 Rd3 30. Rxb5 Rxa3 31. Ra5 Ra1+ 32. Kh2 a3 33. Ne5 f6 34. Nc4 a2 35. Ne3 Kg6 36. Nc2 Rf1 37. Kg3 f5 38. Rxa2 Kh5 39. Ne3 f4+ 40. Kxf4 g5+ 41. Kg3 Rb1 42. Ra5 Rb4 43. Ra6 Rb5 44. Ng4 Rf5 45. Nf6+ Rxf6 46. Rxf6 g4 47. hxg4+ Kg5 48. Rf5+ Kg6 49. Kf4 Kh6 50. g5+ Kg6 51. Rf6+ Kg7 52. Kf5 Kh7 53. g6+ Kg7 54. Rf7+ Kh8 55. Kg5 1-0

[Event "GER-ch U12"]
[Site "Willingen"]
[Date "2008.05.14"]
[Round "6"]
[White "Grosse, Christian"]
[Black "Lagunow, Elina"]
[Result "1-0"]
[WhiteElo "1885"]
[BlackElo "1683"]
[PlyCount "61"]
[EventDate "2008.05.11"]
[EventType "swiss"]
[EventRounds "11"]
[EventCountry "GER"]
[SourceTitle "CBM 124 Extra"]
[Source "ChessBase"]
[SourceDate "2008.07.03"]
[SourceVersion "1"]
[SourceVersionDate "2008.07.03"]
[SourceQuality "1"]

1. e4 e5 2. Bc4 Nf6 3. d3 Nc6 4. Nf3 Bc5 5. 0-0 d6 6. c3 0-0 7. Bb3 h6 8. Nbd2 b5 9. h3 a5 10. Re1 a4 11. Bc2 Be6 12. Nf1 Qd7 13. d4 exd4 14. cxd4 Bb4 15. d5 Bxe1 16. Nxe1 Ne5 17. dxe6 fxe6 18. Ng3 Nc4 19. Nf3 Rfb8 20. Qe2 c5 21. Bd3 Na5 22. Bf4 c4 23. Bc2 b4 24. Rd1 e5 25. Bxe5 Rb6 26. Qe3 Raa6 27. Bxf6 gxf6 28. Nf5 h5 29. Qh6 Qf7 30. N3h4 b3 31. Ng6 1-0

[Event "GER-ch U12"]
[Site "Willingen"]
[Date "2008.05.13"]
[Round "5"]
[White "Kyas, Philipp"]
[Black "Grosse, Christian"]
[Result "1-0"]
[WhiteElo "1816"]
[BlackElo "1885"]
[PlyCount "87"]
[EventDate "2008.05.11"]
[EventType "swiss"]
[EventRounds "11"]
[EventCountry "GER"]
[SourceTitle "CBM 124 Extra"]
[Source "ChessBase"]
[SourceDate "2008.07.03"]
[SourceVersion "1"]
[SourceVersionDate "2008.07.03"]
[SourceQuality "1"]

1. d4 Nf6 2. Bf4 g6 3. e3 Bg7 4. Nf3 d6 5. h3 0-0 6. Be2 Nfd7 7. c4 e5 8. Bh2 Nc6 9. Nc3 f5 10. d5 Ne7 11. Ng5 Nf6 12. Qb3 h6 13. Ne6 Bxe6 14. dxe6 Qc8 15. c5 Kh8 16. 0-0 a6 17. Rac1 Nc6 18. cxd6 cxd6 19. Rfd1 Qc7 20. Bf3 Rac8 21. Nd5 Nxd5 22. Bxd5 Qe7 23. Qb6 Rfd8 24. Kh1 Qc7 25. Qb3 Qe7 26. Qa4 Na7 27. Qb4 Nc6 28. Qa4 Na7 29. Rxc8 Nxc8 30. Qb4 b6 31. Qa4 Qa7 32. Bc6 Ne7 33. Bd7 d5 34. Qb4 Bf6 35. Bxe5 Bxe5 36. Qxe7 Qc7 37. Qf7 Bd6 38. Qf6+ Kh7 39. Qf7+ Kh8 40. Qxg6 Qc2 41. Qxh6+ Kg8 42. Qg5+ Kh7 43. Rg1 Qxf2 44. e7 1-0

[Event "GER-ch U12"]
[Site "Willingen"]
[Date "2007.06.01"]
[Round "10"]
[White "Grosse, Christian"]
[Black "Thumulka, Patrick"]
[Result "1/2-1/2"]
[WhiteElo "1888"]
[BlackElo "1638"]
[PlyCount "49"]
[EventDate "2007.05.26"]
[EventType "swiss"]
[EventRounds "11"]
[EventCountry "GER"]
[SourceTitle "CBM 118 Extra"]
[Source "ChessBase"]
[SourceDate "2007.07.04"]
[SourceVersion "1"]
[SourceVersionDate "2007.07.04"]
[SourceQuality "1"]

1. c4 c5 2. Nc3 Nc6 3. g3 g6 4. Bg2 Bg7 5. e3 e6 6. Nge2 Nge7 7. 0-0 0-0 8. d4 cxd4 9. exd4 d5 10. cxd5 exd5 11. Be3 Be6 12. Nf4 Qd7 13. Rc1 Rac8 14. Qd2 Nf5 15. Ncxd5 Bxd5 16. Nxd5 Ncxd4 17. Bxd4 Nxd4 18. Rfe1 Rxc1 19. Rxc1 Qb5 20. Nc3 Qd7 21. Kh1 Rd8 22. Qf4 b6 23. Rd1 Qd6 24. Qxd6 Rxd6 25. Re1 1/2-1/2

[Event "GER-ch U12"]
[Site "Willingen"]
[Date "2007.05.30"]
[Round "7"]
[White "Steblin, Daniel"]
[Black "Grosse, Christian"]
[Result "1/2-1/2"]
[WhiteElo "1607"]
[BlackElo "1888"]
[PlyCount "100"]
[EventDate "2007.05.26"]
[EventType "swiss"]
[EventRounds "11"]
[EventCountry "GER"]
[SourceTitle "CBM 118 Extra"]
[Source "ChessBase"]
[SourceDate "2007.07.04"]
[SourceVersion "1"]
[SourceVersionDate "2007.07.04"]
[SourceQuality "1"]

1. e4 c5 2. Nf3 d6 3. d4 cxd4 4. Nxd4 Nf6 5. Nc3 g6 6. Bc4 Bg7 7. Bb3 0-0 8. 0-0 Nc6 9. Be3 Ng4 10. Nxc6 bxc6 11. Bg5 Nf6 12. h3 Bb7 13. Re1 Qc7 14. Qe2 e5 15. Rad1 Rad8 16. Qc4 Qe7 17. Ba4 Rc8 18. Qb4 Rfd8 19. Re3 h6 20. Bxf6 Bxf6 21. Rf3 Ba8 22. Qa3 Rc7 23. Bb3 Rcd7 24. Rdd3 d5 25. Qxe7 Bxe7 26. exd5 cxd5 27. Rg3 Kg7 28. Ba4 Rc7 29. Rd1 d4 30. Nb5 Rb7 31. Rb3 a6 32. Na3 Rxb3 33. axb3 f5 34. Nc4 e4 35. g3 g5 36. Kf1 Bc5 37. Ne3 f4 38. Nf5+ Kg6 39. b4 Bxb4 40. Rxd4 Rxd4 41. Nxd4 fxg3 42. fxg3 Bc5 43. Nc6 Kf5 44. c3 h5 45. b4 Bd6 46. Nd4+ Kf6 47. Ne2 h4 48. gxh4 gxh4 49. Bd7 Ke5 50. Bc8 e3 1/2-1/2

[Event "GER-ch U12"]
[Site "Willingen"]
[Date "2007.05.28"]
[Round "4"]
[White "Grosse, Christian"]
[Black "Kuehnel, Lena"]
[Result "1-0"]
[WhiteElo "1888"]
[BlackElo "1325"]
[PlyCount "67"]
[EventDate "2007.05.26"]
[EventType "swiss"]
[EventRounds "11"]
[EventCountry "GER"]
[SourceTitle "CBM 118 Extra"]
[Source "ChessBase"]
[SourceDate "2007.07.04"]
[SourceVersion "1"]
[SourceVersionDate "2007.07.04"]
[SourceQuality "1"]

1. e4 e5 2. Nf3 Nc6 3. Bb5 a6 4. Ba4 Nf6 5. d3 Bc5 6. 0-0 d6 7. c3 0-0 8. h3 h6 9. Nbd2 b5 10. Bb3 Ba7 11. Re1 Kh8 12. Nf1 Nh7 13. Ng3 Ne7 14. Be3 f5 15. Bxa7 Rxa7 16. exf5 Nxf5 17. Ne4 Nf6 18. Qd2 Bb7 19. Nh2 Nxe4 20. dxe4 Ne7 21. Ng4 Ng8 22. Rad1 Bc8 23. Nxe5 Qf6 24. Nf3 Qg6 25. Kh2 Qh5 26. Nd4 Qh4 27. f3 Ne7 28. Qe3 Qh5 29. Ne6 Qe5+ 30. f4 Qf6 31. Nxf8 Ra8 32. e5 Nf5 33. exf6 Nxe3 34. Rxe3 1-0

[Event "GER-ch U12"]
[Site "Willingen"]
[Date "2007.05.28"]
[Round "5"]
[White "Klek, Hanna Marie"]
[Black "Grosse, Christian"]
[Result "1/2-1/2"]
[WhiteElo "1865"]
[BlackElo "1888"]
[PlyCount "116"]
[EventDate "2007.05.26"]
[EventType "swiss"]
[EventRounds "11"]
[EventCountry "GER"]
[SourceTitle "CBM 118 Extra"]
[Source "ChessBase"]
[SourceDate "2007.07.04"]
[SourceVersion "1"]
[SourceVersionDate "2007.07.04"]
[SourceQuality "1"]

1. e4 c5 2. Nf3 Nc6 3. d4 cxd4 4. Nxd4 Nf6 5. Nc3 e5 6. Ndb5 d6 7. Bg5 a6 8. Na3 b5 9. Nd5 Be7 10. Bxf6 Bxf6 11. c3 Bg5 12. Nc2 Rb8 13. Nce3 Bxe3 14. Nxe3 Be6 15. a4 bxa4 16. Qxa4 Bd7 17. Qc2 0-0 18. Rxa6 g6 19. Be2 f5 20. 0-0 f4 21. Nd5 g5 22. f3 h5 23. b4 g4 24. fxg4 hxg4 25. g3 f3 26. Bc4 Kg7 27. Qd2 Rh8 28. Rf2 Rh5 29. Ne3 Rb6 30. Qxd6 Rxa6 31. Bxa6 Rh6 32. Qd2 Qc7 33. Bf1 Rd6 34. Nd5 Qd8 35. Qb2 Be6 36. Ne3 Qg5 37. Qc1 Kh7 38. Qe1 Qd8 39. c4 Nd4 40. Nd5 Kg7 41. Qa1 Bf7 42. Qa3 Bxd5 43. cxd5 Qb6 44. Qb2 Rd7 45. Qd2 Kg6 46. h4 gxh3 47. Kh2 Ne2 48. Qe1 Nd4 49. Ra2 Kg7 50. Bxh3 Rf7 51. Qf2 Qxb4 52. Rb2 Qd6 53. Bf1 Qh6+ 54. Kg1 Qg6 55. Bd3 Qg5 56. Rb1 Rf6 57. Rb7+ Kg8 58. Rb8+ Kg7 1/2-1/2

[Event "GER-ch U12"]
[Site "Willingen"]
[Date "2007.05.26"]
[Round "1"]
[White "Powierski, Emil"]
[Black "Grosse, Christian"]
[Result "1-0"]
[WhiteElo "1347"]
[BlackElo "1888"]
[PlyCount "99"]
[EventDate "2007.05.26"]
[EventType "swiss"]
[EventRounds "11"]
[EventCountry "GER"]
[SourceTitle "CBM 118 Extra"]
[Source "ChessBase"]
[SourceDate "2007.07.04"]
[SourceVersion "1"]
[SourceVersionDate "2007.07.04"]
[SourceQuality "1"]

1. e4 c5 2. Nf3 Nc6 3. d4 cxd4 4. Nxd4 Nf6 5. Nc3 e5 6. Ndb5 d6 7. Bg5 a6 8. Na3 b5 9. Bxf6 gxf6 10. Nd5 Bg7 11. c3 0-0 12. Nc2 f5 13. exf5 Bxf5 14. Nce3 Be6 15. Bd3 f5 16. Qh5 e4 17. Bc2 Ne5 18. Rd1 Ra7 19. Nf4 Bc8 20. Bb3+ Kh8 21. Be6 Rf6 22. Bxf5 Bxf5 23. Nxf5 Qf8 24. Nxg7 Rxg7 25. g3 Nf3+ 26. Ke2 Rg5 27. Qh3 Ne5 28. Rhf1 Rh6 29. Qg2 Nf3 30. h4 Nxh4 31. Qh3 Nf5 32. Qg2 e3 33. fxe3 Nxg3+ 34. Kd2 Qe7 35. Kc2 Nxf1 36. Qxf1 Rh2+ 37. Kb1 Qe4+ 38. Nd3 Rf5 39. Qg1 Rg2 40. Qh1 Rff2 41. Ka1 Qxe3 42. Nxf2 Qxf2 43. Rb1 Kg7 44. Qh3 Rg6 45. Rf1 Rg1 46. Qd7+ Kg6 47. Qxd6+ Kg5 48. Qd5+ Kg4 49. Qg8+ Kh3 50. Qxg1 1-0

[Event "Sachsen-ch U14"]
[Site "Sebnitz"]
[Date "2007.04.11"]
[Round "3"]
[White "Poenisch, Johannes"]
[Black "Grosse, Christian"]
[Result "1/2-1/2"]
[WhiteElo "1548"]
[BlackElo "1739"]
[PlyCount "38"]
[EventDate "2007.04.10"]
[EventType "swiss"]
[EventRounds "7"]
[EventCountry "GER"]
[SourceTitle "EXT 2008"]
[Source "ChessBase"]
[SourceDate "2007.11.25"]
[SourceVersion "1"]
[SourceVersionDate "2007.11.25"]
[SourceQuality "1"]

1. e4 c5 2. Nf3 Nc6 3. d4 cxd4 4. Nxd4 Nf6 5. Nc3 e5 6. Ndb5 d6 7. Bg5 a6 8. Na3 b5 9. Nd5 Be7 10. Bxf6 Bxf6 11. g3 Bg5 12. Bg2 0-0 13. 0-0 g6 14. c3 Kh8 15. Nc2 f5 16. exf5 gxf5 17. f4 Bh6 18. Qh5 Bg7 19. Nce3 e4 1/2-1/2

[Event "Leipzig VfB op 14th"]
[Site "Leipzig"]
[Date "2007.03.23"]
[Round "6"]
[White "Ptitsyn, Vadim"]
[Black "Grosse, Christian"]
[Result "1/2-1/2"]
[WhiteElo "1448"]
[BlackElo "1888"]
[PlyCount "236"]
[EventDate "2007.03.20"]
[EventType "swiss"]
[EventRounds "9"]
[EventCountry "GER"]
[SourceTitle "EXT 2008"]
[Source "ChessBase"]
[SourceDate "2007.11.25"]
[SourceVersion "1"]
[SourceVersionDate "2007.11.25"]
[SourceQuality "1"]

1. d4 Nf6 2. c4 g6 3. Nc3 Bg7 4. e4 d6 5. Nf3 0-0 6. Bd3 Nbd7 7. 0-0 c5 8. Be3 cxd4 9. Bxd4 Nc5 10. h3 Qc7 11. Rc1 Be6 12. Nd5 Bxd5 13. exd5 Nxd3 14. Qxd3 Rfc8 15. b4 Qd7 16. Rfe1 Rc7 17. a3 Rac8 18. Nd2 b5 19. c5 dxc5 20. Bxc5 Nxd5 21. Rcd1 e6 22. Nb3 Rd8 23. Qf3 Qc8 24. Nd4 Qb7 25. Rd3 Rcd7 26. Red1 a6 27. g3 Qc7 28. Qe2 Nb6 29. Nxe6 Rxd3 30. Rxd3 fxe6 31. Qxe6+ Kh8 32. Bxb6 Qc1+ 33. Kg2 Rf8 34. Rd8 Rxd8 35. Bxd8 h6 36. Qxg6 Qxa3 37. Bf6 Bxf6 38. Qxf6+ Kh7 39. Qf7+ Kh8 40. Qf8+ Kh7 41. Qf7+ Kh8 42. Qe8+ Kg7 43. Qe5+ Kh7 44. Qe4+ Kg7 45. Qg4+ Kh7 46. Qe4+ Kg7 47. g4 a5 48. Qb7+ Kg6 49. Qc6+ Kh7 50. Qb7+ Kg6 51. Qa6+ Kh7 52. Qxa5 Qxa5 53. bxa5 b4 54. a6 b3 55. a7 b2 56. a8Q b1Q 57. Qd5 Qb4 58. f3 Qb2+ 59. Kg3 Qc3 60. Qe4+ Kg7 61. h4 Qc5 62. h5 Qg1+ 63. Kf4 Qc1+ 64. Kf5 Qc8+ 65. Qe6 Qc2+ 66. Kf4 Qc1+ 67. Qe3 Qc4+ 68. Kg3 Qc7+ 69. f4 Qc6 70. Qe5+ Kg8 71. Qb8+ Kf7 72. Qb3+ Kg7 73. Qb2+ Kg8 74. Qb3+ Kh8 75. Qd3 Qb6 76. Qc3+ Kh7 77. Qd3+ Kh8 78. Qc3+ Kh7 79. Qd3+ Kh8 80. Kf3 Qc6+ 81. Qe4 Qc3+ 82. Qe3 Qc6+ 83. Kg3 Kg8 84. g5 hxg5 85. fxg5 Qd6+ 86. Qf4 Qd3+ 87. Kh4 Qb3 88. g6 Qb7 89. h6 Qh1+ 90. Kg5 Qd5+ 91. Qf5 Qg2+ 92. Kf6 Qb2+ 93. Qe5 Qf2+ 94. Qf5 Qd4+ 95. Ke7 Qa7+ 96. Qd7 Qa3+ 97. Qd6 Qa7+ 98. Kf6 Qf2+ 99. Kg5 Qg2+ 100. Kh5 Qh3+ 101. Kg5 Qg2+ 102. Kf5 Qf3+ 103. Qf4 Qd5+ 104. Kg4 Qg2+ 105. Kh5 Qh3+ 106. Kg5 Qg2+ 107. Kf5 Qd5+ 108. Qe5 Qf3+ 109. Ke6 Qc6+ 110. Qd6 Qe4+ 111. Kf6 Qh4+ 112. Ke6 Qe4+ 113. Kd7 Qb7+ 114. Kd8 Qa8+ 115. Kd7 Qb7+ 116. Ke8 Qc8+ 117. Qd8 Qe6+ 118. Qe7 Qxg6+ 1/2-1/2

[Event "Leipzig VfB op 14th"]
[Site "Leipzig"]
[Date "2007.03.21"]
[Round "2"]
[White "Grosse, Christian"]
[Black "Kuersten, Susanne"]
[Result "1-0"]
[WhiteElo "1888"]
[BlackElo "1461"]
[PlyCount "85"]
[EventDate "2007.03.20"]
[EventType "swiss"]
[EventRounds "9"]
[EventCountry "GER"]
[SourceTitle "EXT 2008"]
[Source "ChessBase"]
[SourceDate "2007.11.25"]
[SourceVersion "1"]
[SourceVersionDate "2007.11.25"]
[SourceQuality "1"]

1. e4 e5 2. Nf3 Nc6 3. Bb5 d6 4. c3 Bd7 5. d4 exd4 6. cxd4 g6 7. 0-0 Bg7 8. Re1 Nge7 9. Bg5 h6 10. Be3 0-0 11. Qd2 Kh7 12. Nc3 a6 13. Ba4 b5 14. Bc2 Qc8 15. h4 f5 16. h5 fxe4 17. Bxe4 Bf5 18. hxg6+ Bxg6 19. Rac1 Bxe4 20. Nxe4 Qg4 21. Ng3 Rac8 22. Nh2 Qg6 23. Ne2 Qf6 24. Nf4 Rf7 25. Nh5 Qg6 26. Nxg7 Rxg7 27. g3 Nd8 28. d5 Nf5 29. Bf4 Nf7 30. Re6 Qh5 31. Qd3 Kg8 32. Rce1 Ng5 33. Bxg5 Qxg5 34. Nf3 Qg4 35. Nd2 Qh3 36. Ne4 Nh4 37. Nf6+ Kf7 38. Re7+ Kf8 39. Qe4 Rg5 40. Nh7+ Kg8 41. Nxg5 Nf5 42. Qe6+ Kh8 43. Qxc8# 1-0

[Event "Leipzig VfB op 14th"]
[Site "Leipzig"]
[Date "2007.03.21"]
[Round "3"]
[White "Klink, Torben"]
[Black "Grosse, Christian"]
[Result "0-1"]
[WhiteElo "2107"]
[BlackElo "1888"]
[PlyCount "80"]
[EventDate "2007.03.20"]
[EventType "swiss"]
[EventRounds "9"]
[EventCountry "GER"]
[SourceTitle "EXT 2008"]
[Source "ChessBase"]
[SourceDate "2007.11.25"]
[SourceVersion "1"]
[SourceVersionDate "2007.11.25"]
[SourceQuality "1"]

1. Nf3 d5 2. c4 c6 3. b3 Nf6 4. Bb2 e6 5. g3 Na6 6. Bg2 Be7 7. 0-0 0-0 8. d3 Nc7 9. Nbd2 Nd7 10. e4 Bf6 11. e5 Be7 12. Qe2 f6 13. exf6 Bxf6 14. Ne5 Nxe5 15. Bxe5 Bxe5 16. Qxe5 Rf5 17. Qe2 Bd7 18. f4 Qf8 19. Nf3 Re8 20. Ne5 Bc8 21. Qe3 Qd6 22. Bh3 Rff8 23. c5 Qe7 24. d4 Rd8 25. Rae1 Ne8 26. Nf3 Nf6 27. Ng5 Kh8 28. Bxe6 Rde8 29. Qd2 Bxe6 30. Rxe6 Qd7 31. Rxe8 Rxe8 32. Re1 h6 33. Nf3 Ne4 34. Qg2 Qf7 35. Ne5 Qe6 36. g4 Kh7 37. f5 Qf6 38. Ng6 Qxd4+ 39. Kh1 Nf2+ 40. Kg1 Rxe1+ 0-1

[Event "GER-ch U10"]
[Site "Willingen"]
[Date "2006.06.07"]
[Round "7"]
[White "Grosse, Christian"]
[Black "Noe, Christopher"]
[Result "1/2-1/2"]
[WhiteElo "1552"]
[BlackElo "1555"]
[PlyCount "55"]
[EventDate "2006.06.04"]
[EventType "swiss"]
[EventRounds "11"]
[EventCountry "GER"]
[SourceTitle "EXT 2007"]
[Source "ChessBase"]
[SourceDate "2006.11.23"]
[SourceVersion "1"]
[SourceVersionDate "2006.11.23"]
[SourceQuality "1"]

1. e4 e5 2. Nf3 Nc6 3. d4 exd4 4. Bc4 Nf6 5. 0-0 Nxe4 6. Re1 d5 7. Bxd5 Qxd5 8. Nc3 Qh5 9. Nxe4 Be6 10. Nxd4 Qxd1 11. Rxd1 0-0-0 12. Be3 Nxd4 13. Bxd4 a6 14. a3 f6 15. Be3 Be7 16. Re1 Bf5 17. Bf4 Rhe8 18. f3 Bxe4 19. fxe4 Bc5+ 20. Kf1 Bd4 21. c3 Be5 22. Bxe5 Rxe5 23. Re2 Rde8 24. Rae1 Kd7 25. Kf2 Kc6 26. b3 g6 27. Re3 h6 28. Kf3 1/2-1/2

[Event "Leipzig VfB op 13th"]
[Site "Leipzig"]
[Date "2006.03.18"]
[Round "7"]
[White "Grosse, Christian"]
[Black "Bergmann, Hans Dieter"]
[Result "1-0"]
[WhiteElo "1408"]
[BlackElo "1602"]
[PlyCount "67"]
[EventDate "2006.03.14"]
[EventType "swiss"]
[EventRounds "9"]
[EventCountry "GER"]
[SourceTitle "EXT 2008"]
[Source "ChessBase"]
[SourceDate "2007.11.25"]
[SourceVersion "1"]
[SourceVersionDate "2007.11.25"]
[SourceQuality "1"]

1. e4 c5 2. Nf3 d6 3. d4 cxd4 4. Nxd4 Nf6 5. Nc3 g6 6. Be3 Bg7 7. Be2 0-0 8. 0-0 Nc6 9. Kh1 Ne5 10. f4 Neg4 11. Bg1 Qc7 12. h3 Nh6 13. Qd2 a6 14. Be3 Kh8 15. Bf3 b5 16. e5 dxe5 17. fxe5 Nf5 18. Nxf5 Bxf5 19. exf6 Bxf6 20. Bxa8 Rxa8 21. Rad1 Qg3 22. Qf2 Qc7 23. Bd4 e5 24. Bb6 Qb7 25. Nd5 Bg7 26. Rfe1 Be6 27. Nc7 Rf8 28. Nxe6 fxe6 29. Rd8 Qe7 30. Rxf8+ Bxf8 31. Rd1 Kg7 32. Bd8 Qe8 33. Qf6+ Kg8 34. Bb6 1-0